000 00546nam a22002297a 4500
003 UA-OsUOA
001 49645
007 ta
008 20071010b un ||||| |||| 00| 0 ukr d
100 _aМориц Ю.
090 _a82-01
_bМ79
942 _cBK
040 _aUA-OsUOA
_brus
_cUA-OsUOA
_dUA-OsUOA
245 _aСиний огонь
300 _a192 с.
955 _a3
041 _arus
080 _a82-01
260 _aМ.
_c1985
650 7 _a82 Література. Літературознавство
_2UDC
999 _c335760
_d335760